<?xml version="1.0" encoding="UTF-8"?>
<record
    xmlns:xsi="http://www.w3.org/2001/XMLSchema-instance"
    xsi:schemaLocation="http://www.loc.gov/MARC21/slim http://www.loc.gov/standards/marcxml/schema/MARC21slim.xsd"
    xmlns="http://www.loc.gov/MARC21/slim">

  <leader>00726nam a22001337a 4500</leader>
  <datafield tag="040" ind1=" " ind2=" ">
    <subfield code="c">RUA</subfield>
  </datafield>
  <datafield tag="082" ind1=" " ind2=" ">
    <subfield code="a">AGR HEA 2017 B663  Or.1</subfield>
  </datafield>
  <datafield tag="100" ind1=" " ind2=" ">
    <subfield code="a">HEAN SAY &#x17A0;&#x17CA;&#x17B6;&#x1784; &#x179F;&#x17C3;</subfield>
  </datafield>
  <datafield tag="245" ind1=" " ind2=" ">
    <subfield code="a">&#x1780;&#x17B6;&#x179A;&#x179F;&#x17B7;&#x1780;&#x17D2;&#x179F;&#x17B6;&#x179A;&#x1796;&#x17B8;&#x1794;&#x1784;&#x17D2;&#x1782;&#x17BB;&#x17C6;&#x1780;&#x17B6;&#x179A;&#x1796;&#x17B6;&#x179A;&#x179F;&#x178F;&#x17D2;&#x179C;&#x179B;&#x17D2;&#x17A2;&#x17B7;&#x178F;&#x1785;&#x1784;&#x17D2;&#x179A;&#x17C3;&#x179B;&#x17BE;&#x178A;&#x17C6;&#x178E;&#x17B6;&#x17C6;&#x1781;&#x17B6;&#x178F;&#x17CB;&#x178E;&#x17B6;&#x178A;&#x17BE;&#x1798; &#x1780;&#x17D2;&#x179A;&#x17C4;&#x1798;&#x179B;&#x1780;&#x17D2;&#x1781;&#x178E;&#x17D2;&#x178C;&#x179A;&#x1794;&#x1784;&#x178A;&#x17BE;&#x1798;&#x1796;&#x17C4;&#x178F; study on the insect pest prevention packages on chinese kale ( Brassica oleracea var. alboglabra) on chinese barrier condition </subfield>
  </datafield>
  <datafield tag="260" ind1=" " ind2=" ">
    <subfield code="a">RUA</subfield>
    <subfield code="b">phnom penh</subfield>
    <subfield code="c">2017</subfield>
  </datafield>
  <datafield tag="300" ind1=" " ind2=" ">
    <subfield code="a">viii;53p</subfield>
    <subfield code="b">ill;</subfield>
    <subfield code="c">29cm;</subfield>
  </datafield>
  <datafield tag="856" ind1=" " ind2=" ">
    <subfield code="u">https://drive.google.com/file/d/1tdV8z-PIV8urgqeHTojd9smZ286DChh5/view?usp=sharing</subfield>
  </datafield>
  <datafield tag="942" ind1=" " ind2=" ">
    <subfield code="c">AGR</subfield>
  </datafield>
  <datafield tag="999" ind1=" " ind2=" ">
    <subfield code="c">19186</subfield>
    <subfield code="d">19186</subfield>
  </datafield>
  <datafield tag="952" ind1=" " ind2=" ">
    <subfield code="0">0</subfield>
    <subfield code="1">0</subfield>
    <subfield code="2">ddc</subfield>
    <subfield code="4">0</subfield>
    <subfield code="6">AGR_HEA_2017_000000000000000_B663_OR_1</subfield>
    <subfield code="7">0</subfield>
    <subfield code="9">84256</subfield>
    <subfield code="a">LBB</subfield>
    <subfield code="b">LBB</subfield>
    <subfield code="c">B663</subfield>
    <subfield code="d">2020-05-11</subfield>
    <subfield code="o">AGR HEA 2017 B663  Or.1</subfield>
    <subfield code="p">A42973</subfield>
    <subfield code="r">2020-05-11</subfield>
    <subfield code="w">2020-05-11</subfield>
    <subfield code="y">AGR</subfield>
  </datafield>
  <datafield tag="952" ind1=" " ind2=" ">
    <subfield code="0">0</subfield>
    <subfield code="1">0</subfield>
    <subfield code="2">ddc</subfield>
    <subfield code="4">0</subfield>
    <subfield code="6">AGR_HEA_2017_000000000000000_B663_OR_2</subfield>
    <subfield code="7">0</subfield>
    <subfield code="9">84257</subfield>
    <subfield code="a">LBB</subfield>
    <subfield code="b">LBB</subfield>
    <subfield code="c">B663</subfield>
    <subfield code="d">2020-05-11</subfield>
    <subfield code="o">AGR HEA 2017 B663  Or.2</subfield>
    <subfield code="p">A42988</subfield>
    <subfield code="r">2020-05-11</subfield>
    <subfield code="w">2020-05-11</subfield>
    <subfield code="y">AGR</subfield>
  </datafield>
  <datafield tag="952" ind1=" " ind2=" ">
    <subfield code="0">0</subfield>
    <subfield code="1">0</subfield>
    <subfield code="2">ddc</subfield>
    <subfield code="4">0</subfield>
    <subfield code="6">AGR_HEA_2017_000000000000000_B663_OR_3</subfield>
    <subfield code="7">0</subfield>
    <subfield code="9">84258</subfield>
    <subfield code="a">LBB</subfield>
    <subfield code="b">LBB</subfield>
    <subfield code="c">B663</subfield>
    <subfield code="d">2020-05-11</subfield>
    <subfield code="o">AGR HEA 2017 B663  Or.3</subfield>
    <subfield code="p">A43058</subfield>
    <subfield code="r">2020-05-11</subfield>
    <subfield code="w">2020-05-11</subfield>
    <subfield code="y">AGR</subfield>
  </datafield>
  <datafield tag="952" ind1=" " ind2=" ">
    <subfield code="0">0</subfield>
    <subfield code="1">0</subfield>
    <subfield code="2">ddc</subfield>
    <subfield code="4">0</subfield>
    <subfield code="6">AGR_HEA_2017_000000000000000_B663_OR_4</subfield>
    <subfield code="7">0</subfield>
    <subfield code="9">84259</subfield>
    <subfield code="a">LBB</subfield>
    <subfield code="b">LBB</subfield>
    <subfield code="c">B663</subfield>
    <subfield code="d">2020-05-11</subfield>
    <subfield code="l">1</subfield>
    <subfield code="o">AGR HEA 2017 B663  Or.4</subfield>
    <subfield code="p">A42968</subfield>
    <subfield code="r">2022-06-13</subfield>
    <subfield code="s">2022-05-31</subfield>
    <subfield code="w">2020-05-11</subfield>
    <subfield code="y">AGR</subfield>
  </datafield>
  <datafield tag="952" ind1=" " ind2=" ">
    <subfield code="0">0</subfield>
    <subfield code="1">0</subfield>
    <subfield code="2">ddc</subfield>
    <subfield code="4">0</subfield>
    <subfield code="6">AGR_HEA_2017_000000000000000_B663_OR_5</subfield>
    <subfield code="7">0</subfield>
    <subfield code="9">84260</subfield>
    <subfield code="a">LBB</subfield>
    <subfield code="b">LBB</subfield>
    <subfield code="c">B663</subfield>
    <subfield code="d">2020-05-11</subfield>
    <subfield code="o">AGR HEA 2017 B663  Or.5</subfield>
    <subfield code="p">A42848</subfield>
    <subfield code="r">2020-05-11</subfield>
    <subfield code="w">2020-05-11</subfield>
    <subfield code="y">AGR</subfield>
  </datafield>
  <datafield tag="952" ind1=" " ind2=" ">
    <subfield code="0">0</subfield>
    <subfield code="1">0</subfield>
    <subfield code="2">ddc</subfield>
    <subfield code="4">0</subfield>
    <subfield code="6">AGR_HEA_2017_000000000000000_B663_OR_6</subfield>
    <subfield code="7">0</subfield>
    <subfield code="9">84261</subfield>
    <subfield code="a">LBB</subfield>
    <subfield code="b">LBB</subfield>
    <subfield code="c">B663</subfield>
    <subfield code="d">2020-05-11</subfield>
    <subfield code="o">AGR HEA 2017 B663  Or.6</subfield>
    <subfield code="p">A42883</subfield>
    <subfield code="r">2020-05-11</subfield>
    <subfield code="w">2020-05-11</subfield>
    <subfield code="y">AGR</subfield>
  </datafield>
</record>
